Nell Fisher Filmography - Statistics

General Stats
  • This quiz has been taken 3 times
  • The average score is 2 of 6
Answer Stats
Type Year Name % Correct
Web Series 2025 Stranger Things
100%
Film 2024 Bookworm
33%
Film 2023 Evil Dead Rise
33%
Film 2023 Choose Love
0%
Web Series 2022 My Life Is Murder
0%
Film 2022 Northspur
0%
No matching quizzes found
Score Distribution
Percent of People with Each Score
Percentile by Number Answered
Your Score History
You have not taken this quiz